Statistics for Half/half: Actresses [pic]

Click here to take the quiz!

General Stats

  • This quiz has been taken 16 times
  • The average score is 8 of 16

Answer Stats

Answer% Correct
Whoopi Goldberg
100%
Penélope Cruz
87%
Sissy Spacek
73%
Jodie Foster
67%
Kathy Bates
67%
Lucy Liu
60%
Alicia Silverstone
53%
Audrey Hepburn
53%
Ingrid Bergman
53%
Tilda Swinton
53%
Margot Robbie
47%
Gabourey Sidibe
27%
Michelle Rodriguez
13%
Michelle Yeoh
13%
Zhang Ziyi
13%
Yunjin Kim
0%

Score Distribution

Percentile by Number Answered

Percent of People with Each Score

Your Score History

You have not taken this quiz